Good jobs versus bad jobs (Registro nro. 33461)

Detalles MARC
000 -LEADER
fixed length control field 00316 a2200109 4500
001 - CONTROL NUMBER
control field ART_43673
005 - DATE AND TIME OF LATEST TRANSACTION
control field 20260410162025.0
008 - FIXED-LENGTH DATA ELEMENTS--GENERAL INFORMATION
fixed length control field 260409a
100 1# - MAIN ENTRY--PERSONAL NAME
Personal name Acemoglu, Daron
245 10 - TITLE STATEMENT
Title Good jobs versus bad jobs
773 0# - HOST ITEM ENTRY
Title Journal of labor economics
Related parts - Vol. 19, Nº 1 (ene. 2001)
Record control number REV43438

No hay ítems disponibles.